[Event "Puerto Lopez op"]
[Site "Puerto Lopez"]
[Date "2021.07.31"]
[Round "2"]
[White "Leal Cruz, Fabio"]
[Black "Romero, Hector Julio"]
[Result "0-1"]
[WhiteElo "1579"]
[BlackElo "1677"]
[PlyCount "40"]
[EventDate "2021.07.31"]
[EventType "swiss"]
[EventRounds "6"]
[EventCountry "COL"]
[SourceTitle "EXT 2022"]
[Source "ChessBase"]
[SourceDate "2021.10.06"]
[SourceVersion "1"]
[SourceVersionDate "2021.10.06"]
[SourceQuality "1"]

1. d4 d5 2. Nf3 e6 3. e3 Bd6 4. c3 Nf6 5. Bd3 0-0 6. 0-0 b6 7. Ne5 c5 8. Nd2 Nbd7 9. f4 Ne8 10. Qh5 f5 11. Ndf3 Ndf6 12. Qh3 Qe7 13. Kh1 g6 14. g4 fxg4 15. Nxg4 Nxg4 16. Qxg4 e5 17. f5 e4 18. Ne5 Bxe5 19. dxe5 exd3 20. e6 Bxe6 0-1